000 00224nam a2200097Ia 4500
008 240625s9999 xx 000 0 und d
041 _aeng
100 _aLINUX FOR YOU
245 _aLINUX FOR YOU FRUGALWARE 1 2
260 _c2010
999 _c34621
_d34621